[Event "Dortmund Sparkassen op-B"]
[Site "Dortmund"]
[Date "2011.07.25"]
[Round "3"]
[White "Schorr, Joerg"]
[Black "Taube, Benedikt"]
[Result "1-0"]
[WhiteElo "1937"]
[BlackElo "1465"]
[PlyCount "71"]
[EventDate "2011.07.23"]
[EventType "swiss"]
[EventRounds "9"]
[EventCountry "GER"]
[SourceTitle "EXT 2013"]
[Source "ChessBase"]
[SourceDate "2012.11.22"]
[SourceVersion "1"]
[SourceVersionDate "2012.11.22"]
[SourceQuality "1"]

1. d4 d5 2. c4 e6 3. Nf3 Nc6 4. g3 Nf6 5. Bg2 g6 6. 0-0 Bg7 7. Nc3 0-0 8. Bg5 h6 9. Bf4 Ne7 10. Nb5 Ne8 11. Be5 c6 12. Na3 Nd6 13. Qc2 Ndf5 14. Rfd1 f6 15. Bf4 g5 16. Bd2 Nd6 17. Rac1 Nf7 18. e4 e5 19. cxd5 cxd5 20. Bb4 Be6 21. Qe2 Re8 22. dxe5 fxe5 23. Bxe7 Rxe7 24. exd5 Bxd5 25. Nxg5 Rd7 26. Bxd5 Rxd5 27. Nxf7 Rxd1+ 28. Rxd1 Qe7 29. Nd6 Rd8 30. Ne4 Rxd1+ 31. Qxd1 Qb4 32. Qe2 b6 33. Nb1 Qd4 34. Na3 Qb4 35. Qc4+ Qxc4 36. Nxc4 1-0

[Event "Goch op 18th"]
[Site "Goch"]
[Date "2007.10.07"]
[Round "6"]
[White "Schorr, Joerg"]
[Black "Hoellmann, Ludger"]
[Result "0-1"]
[WhiteElo "2007"]
[BlackElo "2203"]
[PlyCount "32"]
[EventDate "2007.10.04"]
[EventType "swiss"]
[EventRounds "7"]
[EventCountry "GER"]
[SourceTitle "EXT 2011"]
[Source "ChessBase"]
[SourceDate "2010.11.26"]
[SourceVersion "1"]
[SourceVersionDate "2010.11.26"]
[SourceQuality "1"]

1. d4 d6 2. c4 e5 3. g3 exd4 4. Qxd4 Nc6 5. Qd2 Be6 6. b3 Nf6 7. Bg2 d5 8. Ba3 Bxa3 9. Nxa3 Qe7 10. Nc2 Rd8 11. cxd5 Nxd5 12. Nf3 Ndb4 13. Qc1 Bxb3 14. axb3 Nd3+ 15. Kf1 Nxc1 16. Rxc1 0-0 0-1

[Event "Goch op 17th"]
[Site "Goch"]
[Date "2006.10.12"]
[Round "1"]
[White "Schorr, Joerg"]
[Black "Kraft, Ingo"]
[Result "1-0"]
[WhiteElo "2031"]
[BlackElo "1490"]
[PlyCount "65"]
[EventDate "2006.10.12"]
[EventType "swiss"]
[EventRounds "7"]
[EventCountry "GER"]
[SourceTitle "EXT 2008"]
[Source "ChessBase"]
[SourceDate "2007.11.25"]
[SourceVersion "1"]
[SourceVersionDate "2007.11.25"]
[SourceQuality "1"]

1. Nf3 f5 2. d3 Nf6 3. g3 g6 4. Bg2 Bg7 5. 0-0 c6 6. c4 d6 7. Nc3 0-0 8. Bd2 Nbd7 9. Qc1 e5 10. Rb1 Nc5 11. b4 Ne6 12. h3 Qc7 13. b5 e4 14. dxe4 Nxe4 15. Nxe4 fxe4 16. Ng5 Nd4 17. Re1 Bf5 18. Be3 Nf3+ 19. exf3 exf3 20. Nxf3 Bxb1 21. Qxb1 cxb5 22. Qxb5 Rf5 23. Qb3 Kh8 24. Nd4 Bxd4 25. Bxd4+ Kg8 26. Bd5+ Kf8 27. Qe3 Rxd5 28. cxd5 Qf7 29. Qh6+ Kg8 30. Re6 Rc8 31. h4 b6 32. h5 Qc7 33. Kg2 1-0

[Event "Dortmund op-B"]
[Site "Dortmund"]
[Date "2005.07.17"]
[Round "9"]
[White "Weber, Thomas"]
[Black "Schorr, Joerg"]
[Result "0-1"]
[WhiteElo "1852"]
[BlackElo "1819"]
[PlyCount "38"]
[EventDate "2005.07.08"]
[EventType "swiss"]
[EventRounds "9"]
[EventCountry "GER"]
[SourceTitle "CBM 107 Extra"]
[Source "ChessBase"]
[SourceDate "2005.09.01"]
[SourceVersion "1"]
[SourceVersionDate "2005.09.01"]
[SourceQuality "1"]

1. d4 d5 2. Nf3 Nf6 3. c4 e6 4. Nc3 Be7 5. Bg5 0-0 6. cxd5 exd5 7. e3 Nbd7 8. Be2 c6 9. 0-0 Re8 10. Rc1 Nf8 11. a3 a5 12. Na4 Bd6 13. Bxf6 Qxf6 14. Nc5 Ng6 15. Bd3 Nh4 16. Nxh4 Qxh4 17. h3 b6 18. Nb3 Bxh3 19. gxh3 Qxh3 0-1

[Event "Duisburg Grossenbaum op"]
[Site "Duisburg"]
[Date "2005.05.16"]
[Round "7"]
[White "Kienitz, Andre"]
[Black "Schorr, Joerg"]
[Result "1-0"]
[WhiteElo "2215"]
[BlackElo "1787"]
[PlyCount "105"]
[EventDate "2005.05.13"]
[EventType "swiss"]
[EventRounds "7"]
[EventCountry "GER"]
[SourceTitle "EXT 2006"]
[Source "ChessBase"]
[SourceDate "2005.11.24"]
[SourceVersion "1"]
[SourceVersionDate "2005.11.24"]
[SourceQuality "1"]

1. e4 c5 2. Nf3 Nc6 3. d4 cxd4 4. Nxd4 Nf6 5. Nc3 e5 6. Ndb5 d6 7. Bg5 a6 8. Na3 b5 9. Nd5 Be6 10. Bxf6 gxf6 11. c3 Bg7 12. Nc2 Ne7 13. Nce3 Nxd5 14. Nxd5 0-0 15. Qf3 Bxd5 16. exd5 e4 17. Qf4 Qe7 18. Be2 Qe5 19. Qxe5 fxe5 20. 0-0 Rab8 21. Rfe1 a5 22. Bf1 b4 23. Rxe4 bxc3 24. bxc3 f5 25. Ra4 e4 26. Rc1 Bh6 27. Rd1 Rfc8 28. c4 Rc5 29. Ra3 Rb2 30. Re1 Kf7 31. g4 Kf6 32. gxf5 Kxf5 33. Rh3 Bd2 34. Re2 h6 35. Rxh6 Rc8 36. Rh5+ Kf4 37. h3 Rg8+ 38. Kh2 Kf3 39. Rf5+ Bf4+ 40. Rxf4+ Kxf4 41. Rxb2 Kf3 42. a4 e3 43. fxe3 Kxe3 44. Re2+ Kd4 45. h4 Kc5 46. Rb2 Rg4 47. Kh3 Rf4 48. Rb1 Rf3+ 49. Kg4 Ra3 50. h5 Rxa4 51. h6 Ra2 52. h7 Rh2 53. Bh3 1-0

[Event "Duisburg Grossenbaum op"]
[Site "Duisburg"]
[Date "2004.05.31"]
[Round "6"]
[White "Schorr, Joerg"]
[Black "Stolzenberg, Peter"]
[Result "1-0"]
[WhiteElo "1910"]
[BlackElo "1485"]
[PlyCount "65"]
[EventDate "2004.05.28"]
[EventType "swiss"]
[EventRounds "7"]
[EventCountry "GER"]
[SourceTitle "EXT 2006"]
[Source "ChessBase"]
[SourceDate "2005.11.24"]
[SourceVersion "1"]
[SourceVersionDate "2005.11.24"]
[SourceQuality "1"]

1. d4 d5 2. c4 c6 3. Nf3 Nf6 4. Nc3 Bg4 5. Ne5 e6 6. Nxg4 Nxg4 7. e3 Nf6 8. cxd5 cxd5 9. Qb3 Qc8 10. Bd2 a6 11. a4 Nc6 12. a5 Bb4 13. Nb1 Bxd2+ 14. Nxd2 0-0 15. Bd3 Qc7 16. Qc3 Rfc8 17. 0-0 Qe7 18. Rfc1 Rc7 19. Qa3 Rac8 20. Nb3 Kf8 21. Nc5 Nd7 22. Nxd7+ Rxd7 23. Rc5 Rdc7 24. Rac1 Ke8 25. Qc3 Kf8 26. b4 f5 27. b5 axb5 28. Bxb5 Qd6 29. a6 b6 30. Rxc6 Rxc6 31. Bxc6 Qb8 32. Qa3+ Kf7 33. a7 1-0

[Event "Duisburg Grossenbaum op"]
[Site "Duisburg"]
[Date "2004.05.30"]
[Round "5"]
[White "Jakobi, Reik"]
[Black "Schorr, Joerg"]
[Result "1-0"]
[WhiteElo "1593"]
[BlackElo "1910"]
[PlyCount "79"]
[EventDate "2004.05.28"]
[EventType "swiss"]
[EventRounds "7"]
[EventCountry "GER"]
[SourceTitle "EXT 2006"]
[Source "ChessBase"]
[SourceDate "2005.11.24"]
[SourceVersion "1"]
[SourceVersionDate "2005.11.24"]
[SourceQuality "1"]

1. e4 e6 2. d4 d5 3. Nc3 Bb4 4. e5 c5 5. a3 Bxc3+ 6. bxc3 Ne7 7. Qg4 0-0 8. Bh6 Ng6 9. h4 gxh6 10. h5 Qg5 11. Qxg5 hxg5 12. hxg6 fxg6 13. Nf3 Rxf3 14. gxf3 cxd4 15. cxd4 Nc6 16. c3 Na5 17. Bd3 Bd7 18. Rb1 b6 19. Rg1 Nc4 20. Bxc4 dxc4 21. Rxg5 Rf8 22. Ke2 Bc6 23. Rg3 Rd8 24. Ke3 Rd5 25. Rb4 Bb5 26. Rg4 Ba6 27. Rf4 Ra5 28. a4 Bb7 29. Rxc4 Bd5 30. Rc7 Rxa4 31. Rff7 Rc4 32. Rxc4 Bxc4 33. Rxa7 g5 34. f4 g4 35. f5 exf5 36. Kf4 Bd3 37. Kg5 Be4 38. Rc7 b5 39. Kf6 h5 40. e6 1-0

[Event "Duisburg Grossenbaum op"]
[Site "Duisburg"]
[Date "2004.05.29"]
[Round "2"]
[White "Schorr, Joerg"]
[Black "Richters, Marc"]
[Result "1-0"]
[WhiteElo "1910"]
[BlackElo "1648"]
[PlyCount "117"]
[EventDate "2004.05.28"]
[EventType "swiss"]
[EventRounds "7"]
[EventCountry "GER"]
[SourceTitle "EXT 2006"]
[Source "ChessBase"]
[SourceDate "2005.11.24"]
[SourceVersion "1"]
[SourceVersionDate "2005.11.24"]
[SourceQuality "1"]

1. d4 Nf6 2. c4 e6 3. Nf3 b6 4. a3 Bb7 5. Nc3 d6 6. Qc2 Nbd7 7. e4 Be7 8. Be2 0-0 9. 0-0 Rc8 10. b4 c5 11. bxc5 bxc5 12. Rb1 cxd4 13. Nxd4 Nc5 14. f3 Ba8 15. Rd1 Qa5 16. Bd2 Qa6 17. Ndb5 Rfd8 18. Be3 Rd7 19. Rd2 Rcd8 20. Rbd1 Qc6 21. Nd4 Qc8 22. Nb3 Nxb3 23. Qxb3 Ne8 24. Nb5 a6 25. Nc3 Rb7 26. Qa4 Rb8 27. c5 Bc6 28. Qxa6 Qxa6 29. Bxa6 Ra8 30. Bb5 Bxb5 31. Nxb5 dxc5 32. Rxd8 Bxd8 33. Bxc5 Ba5 34. Rd7 Rb8 35. a4 Rc8 36. Be3 Rc4 37. Rb7 f5 38. exf5 exf5 39. Rb8 Kf7 40. Rxe8 Rxa4 41. Rc8 f4 42. Nd6+ Ke6 43. Bc5 Ra1+ 44. Kf2 Ra2+ 45. Kf1 Kd5 46. Ne4 Ra1+ 47. Ke2 Ra2+ 48. Kd3 Rxg2 49. Bd6 Ra2 50. Rc5+ Ke6 51. Re5+ Kd7 52. Re7+ Kc6 53. Bxf4 Ra3+ 54. Ke2 Ra2+ 55. Bd2 g5 56. Re5 Bd8 57. Nxg5 Kd6 58. Nf7+ Kd7 59. Nxd8 1-0